000 00708nam a2200241Ia 4500
003 OSt
005 20220923230930.0
006 a|||||r|||| 00| 0
007 ta
008 220922b |||||||| |||| 00| 0 mar d
024 _a307,651
037 _cTextual
040 _aARTS
_cARTS
_bmar
041 _2mar
_amar
082 _aO155,2NDA,1, L7
100 _aदाण्डेकर, गोपाल नीलकण्ठ
_9162875
245 0 _aशितू
246 _aShitū
260 _c1977
650 _aमराठी साहित्य
942 _hO155,2NDA,1, L7
_cTEXL
_2CC
999 _c388345
_d388345